Normal view
MARC view
Entry Personal Name
001 - CONTROL NUMBER
- control field: 15931
003 - CONTROL NUMBER IDENTIFIER
- control field: HDC
005 - DATE AND TIME OF LATEST TRANSACTION
- control field: 20230624073453.0
008 - FIXED-LENGTH DATA ELEMENTS
- fixed length control field: 210220|| aca||aabn | a|a d
040 ## - CATALOGING SOURCE
- Original cataloging agency: HDC
- Transcribing agency: HDC
100 ## - HEADING--PERSONAL NAME
- Personal name: Siti Zarinab Sahib
670 ## - SOURCE DATA FOUND
- Source citation: Work cat.: (HDC): Siti Zarinab Sahib, author, Galak makan dari muda : Salina ambil jamu sejak umur 17 tahun tanpa makanan tambahan lain /, 2014
